Classement perpétuel de la Ligue des Champions - Statistiques

Statistiques générales
  • Ce quiz a été pris 369 fois
  • Le résultat moyen est 19 sur 25
Statistiques - réponses
Rang Club Nombre de matchs joués Points % Correct
1 Real Madrid 501 985
100%
3 FC Barcelone 355 694
99%
21 Olympique Lyonnais 136 210
99%
2 Bayern Munich 402 797
98%
10 Inter Milan 218 377
98%
5 Manchester United 289 528
98%
16 Paris Saint-Germain 168 300
98%
4 Juventus Turin 307 536
96%
17 Manchester City 137 253
94%
6 AC Milan 275 463
93%
14 Borussia Dortmund 191 311
93%
11 Chelsea FC 197 355
93%
7 FC Liverpool 240 456
93%
12 Arsenal FC 211 352
89%
15 Atlético de Madrid 176 302
88%
9 FC Porto 265 418
82%
13 Ajax Amsterdam 215 350
81%
8 SL Benfica 278 426
79%
18 PSV Eindhoven 183 236
64%
20 Celtic Glasgow 166 224
54%
23 FC Valencia 118 184
47%
24 Galatasaray 161 170
33%
22 RSC Anderlecht 163 194
24%
25 Olympiakós Le Pirée 156 169
22%
19 Dynamo Kyiv 186 236
18%
Aucun quiz correspondant
Distribution des résultats
% des personnes avec chaque résultat
Percentile par nombre de réponses
Votre historique - résultats
Vous n’avez pas pris ce quiz